[Event "a plk. Karla Hromádky"]
[Site "?"]
[Date "????.??.??"]
[Round "4.6"]
[White "Kalendovsky, Jan"]
[Black "Buchnicek, Petr"]
[Result "0-1"]
[WhiteElo "1938"]
[BlackElo "2212"]
[PlyCount "94"]

1. e4 d5 2. d3 dxe4 3. dxe4 Qxd1+ 4. Kxd1 Nf6 5. f3 e5 6. Be3 Be6 7. Nd2 Nbd7
8. Bc4 Bc5 9. Ke2 Bb6 10. Bxe6 fxe6 11. Nc4 Bd4 12. c3 Bxe3 13. Kxe3 a5 14. a4
Ke7 15. Nh3 Ne8 16. Nf2 Nd6 17. Nxd6 cxd6 18. Rhd1 Nc5 19. Nd3 b6 20. g3 Rab8
21. f4 exf4+ 22. gxf4 Nxd3 23. Rxd3 b5 24. axb5 Rxb5 25. Rad1 Rd8 26. R1d2 Rh5
27. Kf3 Rh3+ 28. Kg2 Rxd3 29. Rxd3 Rb8 30. Rd2 Rb3 31. Rc2 a4 32. Kf3 d5 33.
exd5 exd5 34. Ke3 a3 35. bxa3 Rxa3 36. Kd4 Kd6 37. Rg2 Ra4+ 38. Ke3 Re4+ 39.
Kf3 g6 40. h4 Rc4 41. Rc2 d4 42. Ke2 Rxc3 43. Rd2 Kd5 44. h5 gxh5 45. Rd1 Ke4
46. Rh1 Rc2+ 47. Kd1 Rc5 0-1

[Event "a plk. Karla Hromádky"]
[Site "?"]
[Date "????.??.??"]
[Round "4.7"]
[White "Messerschmidt, Stanislav"]
[Black "Hodovsky, Jiri"]
[Result "1/2-1/2"]
[WhiteElo "1966"]
[BlackElo "2097"]
[PlyCount "65"]

1. c4 Nf6 2. Nc3 e6 3. g3 d5 4. cxd5 exd5 5. d4 c6 6. Bg2 Bd6 7. Bg5 h6 8. Bxf6
Qxf6 9. e3 O-O 10. Nge2 Re8 11. O-O Nd7 12. Qd2 Nf8 13. Rfe1 Bf5 14. a3 a5 15.
Nc1 Ne6 16. Nd3 Ng5 17. h4 Ne4 18. Nxe4 Bxe4 19. b4 Bxd3 20. Qxd3 axb4 21. axb4
Bxb4 22. Rxa8 Rxa8 23. Rb1 Ra2 24. f4 Rd2 25. Qb3 c5 26. Rb2 Rxb2 27. Qxb2 Qe6
28. Qb3 Bd2 29. dxc5 Qxe3+ 30. Qxe3 Bxe3+ 31. Kf1 Bxc5 32. Bxd5 Kf8 33. Bxb7
1/2-1/2

[Event "a plk. Karla Hromádky"]
[Site "?"]
[Date "????.??.??"]
[Round "4.8"]
[White "Kulovana, Eva"]
[Black "Rotrekl, Rostislav"]
[Result "1-0"]
[WhiteElo "2070"]
[BlackElo "1885"]
[PlyCount "113"]

1. e4 c5 2. Nf3 Nc6 3. Bb5 Nf6 4. Bxc6 dxc6 5. d3 Bg4 6. h3 Bh5 7. Nbd2 e6 8.
Nc4 Be7 9. Nce5 Nd7 10. Nxd7 Qxd7 11. g4 Bg6 12. h4 h5 13. Ne5 Qd4 14. Nxg6
fxg6 15. g5 O-O 16. Qe2 Rf7 17. Rb1 Raf8 18. Be3 Qd7 19. Rd1 b6 20. Kd2 c4 21.
Kc1 cxd3 22. Qxd3 Qxd3 23. Rxd3 Rd8 24. Rhd1 Rff8 25. Rd7 Rxd7 26. Rxd7 Bc5 27.
Bxc5 bxc5 28. Rxa7 Rxf2 29. a4 Rf4 30. a5 Rxh4 31. a6 Rh1+ 32. Kd2 Ra1 33. Ke3
e5 34. Kf3 Ra2 35. Ra8+ Kf7 36. a7 c4 37. Kg3 Ra6 38. Rc8 Rxa7 39. Rxc6 Rb7 40.
Rxc4 Rxb2 41. Rc7+ Kf8 42. c4 Rb3+ 43. Kf2 Rc3 44. c5 h4 45. c6 h3 46. Kg1 Rc2
47. Kh1 Kg8 48. Rc8+ Kf7 49. c7 Ke7 50. Rg8 Rxc7 51. Rxg7+ Kd6 52. Rxg6+ Ke7
53. Rg7+ Kd6 54. Rxc7 Kxc7 55. Kh2 Kd7 56. Kxh3 Ke6 57. Kg4 1-0

[Event "a plk. Karla Hromádky"]
[Site "?"]
[Date "????.??.??"]
[Round "4.11"]
[White "Prymula, Roman"]
[Black "Cechal, Martin"]
[Result "1/2-1/2"]
[WhiteElo "2167"]
[BlackElo "1977"]
[PlyCount "134"]

1. d4 d6 2. Nf3 g6 3. c3 Bg7 4. Bg5 Nf6 5. Nbd2 d5 6. e3 a6 7. Bd3 O-O 8. O-O
Nbd7 9. h3 c5 10. Re1 Qb6 11. Qb3 c4 12. Qxb6 Nxb6 13. Bc2 Bf5 14. e4 dxe4 15.
Nxe4 Nxe4 16. Bxe4 Bxe4 17. Rxe4 e6 18. Rae1 Nd5 19. Nd2 b5 20. Bh4 Rfc8 21. a3
Ra7 22. f4 a5 23. g4 Bf6 24. Bxf6 Nxf6 25. Re5 Rb7 26. f5 Nd7 27. R5e3 gxf5 28.
gxf5 exf5 29. Rf3 b4 30. Rxf5 bxc3 31. bxc3 Rb2 32. Ne4 Rc6 33. Rg5+ Rg6 34.
Re3 f5 35. Rxg6+ hxg6 36. Nd6 Nf6 37. Nxc4 Rb3 38. Nxa5 Rxa3 39. Nc4 Rb3 40.
Nd2 Rb2 41. Rd3 Nd5 42. Nc4 Rb3 43. Ne5 Nxc3 44. Kg2 Kh7 45. Kf3 Nb1 46. d5
Nd2+ 47. Ke3 Rxd3+ 48. Kxd3 Ne4 49. Kd4 Kg7 50. Nd7 Kf7 51. Ke5 Ke7 52. Nb8 Nd6
53. Nc6+ Kd7 54. Nd4 Ke7 55. Nf3 Nf7+ 56. Kd4 Kf6 57. Kc5 g5 58. Kc6 g4 59.
hxg4 fxg4 60. Nd2 g3 61. Ne4+ Ke5 62. Nxg3 Nd6 63. Nf1 Nf5 64. Kc5 Nd6 65. Nd2
Nb7+ 66. Kc6 Na5+ 67. Kc5 Nb7+ 1/2-1/2

[Event "a plk. Karla Hromádky"]
[Site "?"]
[Date "????.??.??"]
[Round "5.2"]
[White "Kovacs, Ivan"]
[Black "Nemec, Igor"]
[Result "0-1"]
[WhiteElo "1687"]
[BlackElo "1957"]
[PlyCount "96"]

1. d4 d5 2. e3 Nf6 3. g3 e6 4. Bg2 c6 5. Nf3 Bd6 6. O-O O-O 7. b3 Ne4 8. Bb2
Nd7 9. Nbd2 Ndf6 10. c4 Qe7 11. Nxe4 Nxe4 12. Nd2 Nxd2 13. Qxd2 Bd7 14. cxd5
exd5 15. a4 Bb4 16. Bc3 a5 17. Bxb4 Qxb4 18. Qxb4 axb4 19. a5 Ra7 20. Ra2 Rfa8
21. e4 dxe4 22. Bxe4 Rxa5 23. Rxa5 Rxa5 24. Rd1 Be6 25. Rd3 Bd5 26. f3 Kf8 27.
h4 g6 28. Kf2 Ke7 29. Ke3 Kd6 30. g4 Ra3 31. Bxd5 Kxd5 32. Kf4 f6 33. g5 f5 34.
h5 Ra1 35. hxg6 hxg6 36. Re3 Kxd4 37. Re6 Kc3 38. Rxg6 Kxb3 39. Kxf5 c5 40. Rb6
c4 41. g6 Rg1 42. f4 c3 43. Rxb7 c2 44. Rc7 c1=Q 45. Rxc1 Rxc1 46. g7 Rg1 47.
Kf6 Kc3 48. Kf7 b3 0-1

[Event "a plk. Karla Hromádky"]
[Site "?"]
[Date "????.??.??"]
[Round "5.3"]
[White "Svetly, Jiri"]
[Black "Stork, Rostislav"]
[Result "0-1"]
[WhiteElo "1981"]
[BlackElo "1824"]
[PlyCount "116"]

1. d4 d5 2. c4 e5 3. dxe5 d4 4. Nf3 Nc6 5. e3 Bb4+ 6. Bd2 dxe3 7. fxe3 Nge7 8.
Bxb4 Qxd1+ 9. Kxd1 Nxb4 10. a3 Nbc6 11. h3 O-O 12. Bd3 Ng6 13. Bxg6 hxg6 14.
Nbd2 Re8 15. Ke2 Nxe5 16. Nxe5 Rxe5 17. Nf3 Re7 18. Rhd1 Bf5 19. g4 Be4 20. Ng5
Rae8 21. Rac1 f6 22. Nxe4 Rxe4 23. Rc3 Kf7 24. Rd7+ R8e7 25. Rxe7+ Kxe7 26. Kf3
Re6 27. c5 Rc6 28. Ke4 Ke6 29. Kd4 f5 30. b4 b6 31. b5 Rxc5 32. Rxc5 bxc5+ 33.
Kxc5 Ke5 34. Kc6 Ke4 35. Kxc7 Kxe3 36. a4 f4 37. a5 f3 38. b6 axb6 39. axb6 f2
40. b7 f1=Q 41. b8=Q Qf4+ 42. Kb7 Qxb8+ 43. Kxb8 Kf3 44. Kc7 Kg3 45. Kd6 Kxh3
46. g5 Kg4 47. Ke5 Kxg5 48. Ke4 Kg4 49. Ke3 Kg3 50. Ke2 Kg2 51. Ke3 g5 52. Ke4
g4 53. Kf4 g3 54. Kg4 Kf2 55. Kh4 g2 56. Kh3 g1=Q 57. Kh4 Kf3 58. Kh5 Qg4# 0-1

[Event "a plk. Karla Hromádky"]
[Site "?"]
[Date "????.??.??"]
[Round "5.4"]
[White "Buchnicek, Petr"]
[Black "Kredl, Karel"]
[Result "1-0"]
[WhiteElo "2212"]
[BlackElo "2033"]
[PlyCount "37"]

1. e4 c5 2. Nc3 Nc6 3. Bb5 Nd4 4. Bc4 e6 5. Nf3 d6 6. Nxd4 cxd4 7. Ne2 Qb6 8.
O-O Nf6 9. d3 Be7 10. a4 a5 11. Bb5+ Bd7 12. Bxd7+ Nxd7 13. f4 O-O 14. b3 Nf6
15. Bb2 e5 16. Ng3 g6 17. Ba3 Rae8 18. Qf3 Qc7 19. fxe5 1-0

[Event "a plk. Karla Hromádky"]
[Site "?"]
[Date "????.??.??"]
[Round "5.5"]
[White "Bures, Vit"]
[Black "Kalendovsky, Jan"]
[Result "1-0"]
[WhiteElo "2182"]
[BlackElo "1938"]
[PlyCount "65"]

1. d4 g6 2. e4 d6 3. Nc3 Nf6 4. Be3 c6 5. h3 Bg7 6. f4 d5 7. e5 Ne4 8. Nxe4
dxe4 9. Bc4 Na6 10. c3 Nc7 11. Qc2 Nd5 12. Qxe4 f5 13. Qd3 Nxe3 14. Qxe3 e6 15.
Nf3 O-O 16. O-O-O b5 17. Bb3 a5 18. h4 a4 19. Bc2 Qb6 20. a3 Rd8 21. h5 Rd5 22.
hxg6 hxg6 23. Nh4 c5 24. Nxg6 Ra7 25. dxc5 Rxc5 26. Rd6 Qc7 27. Ne7+ Qxe7 28.
Qxc5 Rc7 29. Qxb5 Bb7 30. Bxa4 Bf8 31. Rd3 Bc6 32. Rg3+ Bg7 33. Qb6 1-0

[Event "a plk. Karla Hromádky"]
[Site "?"]
[Date "????.??.??"]
[Round "5.6"]
[White "Stepan, Petr"]
[Black "Krejcik, Miroslav"]
[Result "1/2-1/2"]
[WhiteElo "1837"]
[BlackElo "1886"]
[PlyCount "157"]

1. d4 d5 2. c4 c6 3. Nc3 Nf6 4. Nf3 g6 5. h3 Bg7 6. Bf4 O-O 7. e3 Bf5 8. Be2
Be6 9. c5 Bf5 10. O-O Ne4 11. Be5 f6 12. Bf4 Nxc3 13. bxc3 Nd7 14. Nh4 Be6 15.
Bh2 Bf7 16. Nf3 Re8 17. Rb1 b5 18. cxb6 axb6 19. Rb2 e5 20. Qc2 e4 21. Nd2 c5
22. Rfb1 c4 23. Nf1 Bf8 24. Ra1 Re6 25. Rb5 Rc6 26. Ng3 Ra3 27. Bg4 f5 28. Bd1
Qa8 29. Ne2 Qa6 30. Rb2 Bd6 31. Nf4 g5 32. Nh5 Bxh2+ 33. Kxh2 Qa5 34. Rb4 Rh6
35. Ng3 Be6 36. Nh5 Qa7 37. Qb2 Ra6 38. Kg1 Nf6 39. Nxf6+ Rxf6 40. a4 Bd7 41.
Qa3 Qc7 42. Qb2 f4 43. Qd2 Qc8 44. Kh2 Qf8 45. Be2 Qd6 46. Kg1 f3 47. Bf1 g4
48. g3 gxh3 49. Kh2 h5 50. Bxh3 Bxh3 51. Kxh3 Qe6+ 52. Kh2 Qg4 53. Rh1 h4 54.
Qe1 Rh6 55. Kg1 h3 56. Kh2 Qd7 57. Qb1 Kg7 58. Qa2 Rh8 59. Rhb1 Qc6 60. Qc2
Rha8 61. R1b2 Kf6 62. Rb1 Kg5 63. R1b2 Kg4 64. Rb1 Rb8 65. Rb5 Rba8 66. R5b4
Qf6 67. Rb5 Qe6 68. R5b4 Rb8 69. Rb5 Rb7 70. R1b2 Rba7 71. Rb1 Qc6 72. R1b2 Rb7
73. Rb1 Ra5 74. R1b2 Rxb5 75. Rxb5 Ra7 76. Qb1 Ra6 77. Qc2 Ra5 78. Qb2 Ra6 79.
Qc2 1/2-1/2

[Event "a plk. Karla Hromádky"]
[Site "?"]
[Date "????.??.??"]
[Round "5.7"]
[White "Kabat, Josef"]
[Black "Messerschmidt, Stanislav"]
[Result "0-1"]
[WhiteElo "1854"]
[BlackElo "1966"]
[PlyCount "56"]

1. e4 g6 2. d4 Bg7 3. Nc3 c6 4. Be3 d5 5. Qd2 h5 6. Nf3 Nf6 7. exd5 cxd5 8.
Bb5+ Nc6 9. O-O-O a6 10. Bxc6+ bxc6 11. Ne5 Bd7 12. Kb1 Rb8 13. f3 Qa5 14. Ne2
Qb6 15. c3 e6 16. b3 Bf8 17. Qc2 Rg8 18. g4 hxg4 19. fxg4 c5 20. Rhf1 Be7 21.
Bg5 Nxg4 22. Bxe7 Nxe5 23. Bxc5 Qc7 24. Qd2 Bb5 25. dxe5 Qxc5 26. Qf4 Rf8 27.
Rf3 Bxe2 28. Qa4+ Qb5 0-1

[Event "a plk. Karla Hromádky"]
[Site "?"]
[Date "????.??.??"]
[Round "5.9"]
[White "Hodovsky, Jiri"]
[Black "Kulovana, Eva"]
[Result "1/2-1/2"]
[WhiteElo "2097"]
[BlackElo "2070"]
[PlyCount "115"]

1. e4 c6 2. d4 d5 3. exd5 cxd5 4. Bf4 Nc6 5. c3 Nf6 6. Bd3 Bg4 7. Qb3 Qd7 8.
Nd2 e6 9. Ngf3 Bd6 10. Bxd6 Qxd6 11. h3 Bxf3 12. Nxf3 O-O 13. O-O Rab8 14. Rfe1
b5 15. Ne5 Rfc8 16. Re2 b4 17. Nxc6 Rxc6 18. Qc2 bxc3 19. bxc3 Rbc8 20. Rc1 Qa3
21. Qb2 Qxb2 22. Rxb2 g6 23. Rbc2 Ne8 24. Bb5 R6c7 25. Bxe8 Rxe8 26. c4 dxc4
27. Rxc4 Rd7 28. Rc7 Red8 29. Rxd7 Rxd7 30. Rc4 h5 31. Kf1 Kf8 32. Ke2 Ke7 33.
f4 Kd6 34. Kd3 Rb7 35. Ra4 Ke7 36. g4 h4 37. g5 Rc7 38. Ke4 Rc3 39. Rxa7+ Kf8
40. Rb7 Rxh3 41. Rb3 Rh1 42. a4 h3 43. Kf3 Ra1 44. Kg3 Rxa4 45. Rd3 Ke7 46.
Kxh3 Kd6 47. Kg3 Kd5 48. Re3 Rxd4 49. Re5+ Kc4 50. Kf3 Rd5 51. Re1 Rd3+ 52. Ke4
Rd5 53. Rc1+ Kb3 54. Rc7 Rf5 55. Ke3 Kb4 56. Ke4 Kb5 57. Rc1 Kb6 58. Rc2
1/2-1/2

[Event "a plk. Karla Hromádky"]
[Site "?"]
[Date "????.??.??"]
[Round "5.10"]
[White "Postupa, Pavel"]
[Black "Prymula, Roman"]
[Result "0-1"]
[WhiteElo "1939"]
[BlackElo "2167"]
[PlyCount "88"]

1. e4 c5 2. Nf3 Nc6 3. d4 cxd4 4. Nxd4 e5 5. Nb5 d6 6. N1c3 a6 7. Na3 Be6 8.
Be3 Nf6 9. Nd5 Bxd5 10. exd5 Nb8 11. c4 Nbd7 12. Be2 Rc8 13. b4 a5 14. Bd2 Ne4
15. bxa5 Nxd2 16. Qxd2 Be7 17. Rb1 Nc5 18. O-O O-O 19. Nc2 Bg5 20. Qc3 Ne4 21.
Qb4 Nd2 22. Ne3 Bxe3 23. fxe3 Nxf1 24. Rxf1 Qc7 25. Bg4 Qc5 26. Qxc5 Rxc5 27.
Be2 Rxa5 28. Rb1 Rxa2 29. Kf1 Ra7 30. Rb6 Rd8 31. e4 Kf8 32. Kf2 Ke7 33. Kf3
Kd7 34. Rb5 Rc8 35. Ke3 Rc5 36. Rb4 Ra3+ 37. Kf2 Kc7 38. g4 Rca5 39. g5 Rc3 40.
Rb2 Rca3 41. h4 Ra2 42. Rb3 R5a3 43. Rb5 Rc3 44. Rb4 Rcc2 0-1

[Event "a plk. Karla Hromádky"]
[Site "?"]
[Date "????.??.??"]
[Round "6.1"]
[White "Messerschmidt, Stanislav"]
[Black "Prymula, Roman"]
[Result "1/2-1/2"]
[WhiteElo "1966"]
[BlackElo "2167"]
[PlyCount "36"]

1. c4 c6 2. Nc3 d5 3. cxd5 cxd5 4. d4 Nc6 5. Bf4 Nf6 6. Nf3 e6 7. e3 Bd6 8. Bg3
O-O 9. Bd3 a6 10. a3 b5 11. b4 Bb7 12. Rc1 Rc8 13. Bb1 g6 14. Bh4 Be7 15. Bg5
Kg7 16. h4 h5 17. Ne2 Ng4 18. Nf4 Qd7 1/2-1/2

[Event "a plk. Karla Hromádky"]
[Site "?"]
[Date "????.??.??"]
[Round "6.2"]
[White "Bures, Vit"]
[Black "Stork, Rostislav"]
[Result "1-0"]
[WhiteElo "2182"]
[BlackElo "1824"]
[PlyCount "81"]

1. d4 d5 2. c4 e5 3. dxe5 d4 4. Nf3 Nc6 5. a3 a5 6. e3 Bc5 7. exd4 Bxd4 8. Nxd4
Qxd4 9. Nc3 Qxe5+ 10. Be3 Nge7 11. Be2 O-O 12. O-O Be6 13. Qc1 Ng6 14. Re1 Rad8
15. f4 Qf6 16. Ne4 Qh4 17. g3 Qe7 18. Bc5 Qe8 19. Bxf8 Nxf8 20. Qc3 Nd4 21. Ng5
Qc6 22. Nxe6 Nfxe6 23. b4 a4 24. Kf2 g6 25. Rad1 Nxe2 26. Rxd8+ Nxd8 27. Rxe2
Ne6 28. c5 Qh1 29. Ke3 Qd5 30. Qd3 Qc6 31. Qe4 Qa6 32. Kf2 Qb5 33. Kg2 Kg7 34.
Qe5+ Kg8 35. Rd2 Qc6+ 36. Qd5 Qb5 37. f5 gxf5 38. Qxf5 Qc6+ 39. Qd5 Qb5 40. Rf2
Kf8 41. Qxe6 1-0

[Event "a plk. Karla Hromádky"]
[Site "?"]
[Date "????.??.??"]
[Round "6.3"]
[White "Cechal, Martin"]
[Black "Kulovana, Eva"]
[Result "1/2-1/2"]
[WhiteElo "1977"]
[BlackElo "2070"]
[PlyCount "103"]

1. e4 c6 2. d4 d5 3. exd5 cxd5 4. Bd3 Nc6 5. c3 Qc7 6. h3 g6 7. Nf3 Bf5 8. Bxf5
gxf5 9. Qd3 e6 10. O-O Nf6 11. Re1 Ne4 12. Nfd2 Be7 13. Nxe4 fxe4 14. Qg3 Qxg3
15. fxg3 f5 16. Bf4 Kd7 17. Kh2 Bd6 18. Bxd6 Kxd6 19. Nd2 b5 20. a4 b4 21. Nb3
Rab8 22. Rab1 bxc3 23. bxc3 Rb6 24. Nd2 Rhb8 25. Rxb6 Rxb6 26. Rb1 Na5 27.
Rxb6+ axb6 28. Kg1 e3 29. Nf3 Nc4 30. Kf1 Nb2 31. Ke2 Nxa4 32. Kd3 e2 33. Ne1
b5 34. Nf3 Ke7 35. Ne1 Kf7 36. Kc2 e5 37. dxe5 Ke6 38. Nf3 Nc5 39. Kd2 Ne4+ 40.
Kxe2 Nxc3+ 41. Kd3 b4 42. Kd4 Ne2+ 43. Kd3 Nxg3 44. Kc2 Ne2 45. Kb3 Nf4 46. g3
Nxh3 47. Kxb4 Nf2 48. Kc5 Ne4+ 49. Kd4 Nxg3 50. Ng5+ Ke7 51. Nxh7 f4 52. Ng5
1/2-1/2

[Event "a plk. Karla Hromádky"]
[Site "?"]
[Date "????.??.??"]
[Round "6.4"]
[White "Urban, Vlastimil"]
[Black "Buchnicek, Petr"]
[Result "0-1"]
[WhiteElo "1954"]
[BlackElo "2212"]
[PlyCount "120"]

1. d4 f5 2. c4 Nf6 3. Nc3 e6 4. g3 d5 5. Bg2 c6 6. Nh3 Be7 7. O-O O-O 8. Qc2
Ne4 9. Nxe4 fxe4 10. f3 exf3 11. exf3 Bf6 12. Be3 Re8 13. Nf2 Nd7 14. Rad1 Nb6
15. b3 g6 16. f4 Bd7 17. Ng4 Bg7 18. Ne5 Nc8 19. Rfe1 Nd6 20. c5 Nf5 21. Bf2
Qe7 22. b4 a6 23. a4 Rad8 24. Bh3 Nh6 25. Qe2 Bc8 26. b5 axb5 27. axb5 cxb5 28.
Qxb5 Nf7 29. c6 Nxe5 30. dxe5 bxc6 31. Qxc6 Bd7 32. Qc7 Rc8 33. Qb7 Rb8 34. Qa7
Ra8 35. Qb7 Reb8 36. Qc7 Rc8 37. Qb7 Bf8 38. Rc1 Rcb8 39. Qc7 Rb2 40. Bd4 Rba2
41. Qb7 Qe8 42. Qb3 R2a3 43. Qb2 Ra2 44. Qb3 R2a4 45. Bf2 Rb4 46. Qc3 Rc4 47.
Qb3 Rb8 48. Qf3 Rbc8 49. Rxc4 Rxc4 50. Qb3 Ba4 51. Qb7 Bc6 52. Qa6 Ra4 53. Qb6
Rb4 54. Qa7 Rb7 55. Qa6 Rb2 56. Rc1 Bd7 57. Rc7 Kf7 58. Bg2 Qd8 59. Qa7 Ke8 60.
Bf1 Rb1 0-1

[Event "a plk. Karla Hromádky"]
[Site "?"]
[Date "????.??.??"]
[Round "6.5"]
[White "Mayer, Josef"]
[Black "Kredl, Karel"]
[Result "0-1"]
[WhiteElo "1984"]
[BlackElo "2033"]
[PlyCount "50"]

1. c4 e5 2. Nc3 Nf6 3. Nf3 Nc6 4. g3 Nd4 5. Bg2 Nxf3+ 6. Bxf3 Bc5 7. O-O O-O 8.
d3 h6 9. e3 d6 10. d4 exd4 11. exd4 Bb6 12. Na4 c6 13. Nxb6 axb6 14. d5 c5 15.
b3 Bd7 16. Bb2 b5 17. cxb5 Bxb5 18. Re1 Re8 19. a4 Rxe1+ 20. Qxe1 Ba6 21. Qc3
Qd7 22. Re1 Re8 23. Re3 Rxe3 24. Qxe3 Qf5 25. Kg2 Qb1 0-1

[Event "a plk. Karla Hromádky"]
[Site "?"]
[Date "????.??.??"]
[Round "6.6"]
[White "Hodovsky, Jiri"]
[Black "Rozumek, Vlastimil"]
[Result "0-1"]
[WhiteElo "2097"]
[BlackElo "2053"]
[PlyCount "100"]

1. e4 c6 2. d4 d5 3. exd5 cxd5 4. Bf4 Nc6 5. c3 Nf6 6. Bd3 Bg4 7. Qb3 Qb6 8.
Qxb6 axb6 9. Na3 e5 10. dxe5 Bxa3 11. exf6 Bxb2 12. Rb1 Bxc3+ 13. Kf1 Bxf6 14.
Rxb6 Rxa2 15. Rxb7 O-O 16. Nf3 Ra1+ 17. Rb1 Rxb1+ 18. Bxb1 Re8 19. h3 Bxf3 20.
gxf3 Bc3 21. Kg2 Re2 22. Rc1 d4 23. Bd3 Rb2 24. Ra1 Rxf2+ 25. Kxf2 Bxa1 26. Ke2
Nb4 27. Bc4 h6 28. Bd6 Nc6 29. Kd3 Nd8 30. Be5 Nc6 31. Bd6 Nd8 32. Be5 Ne6 33.
Bd6 g6 34. Bb3 Kg7 35. f4 h5 36. h4 Kf6 37. Ke4 Kg7 38. Be5+ Kf8 39. Bd6+ Kg8
40. Bc4 Nd8 41. Be5 Nb7 42. Bd5 Nd8 43. Bxd4 Bxd4 44. Kxd4 Kg7 45. Ke5 f6+ 46.
Kd6 Nf7+ 47. Ke7 Nh6 48. Be4 g5 49. fxg5 fxg5 50. hxg5 Ng4 0-1

[Event "a plk. Karla Hromádky"]
[Site "?"]
[Date "????.??.??"]
[Round "6.7"]
[White "Krejcik, Miroslav"]
[Black "Postupa, Pavel"]
[Result "1/2-1/2"]
[WhiteElo "1886"]
[BlackElo "1939"]
[PlyCount "107"]

1. d4 Nf6 2. g3 c6 3. Nf3 d5 4. Bg2 Bg4 5. O-O Nbd7 6. c3 e6 7. Bf4 Nh5 8. Bg5
Qb6 9. Qb3 h6 10. Be3 Qxb3 11. axb3 Bf5 12. Nbd2 Bd6 13. c4 O-O 14. c5 Bc7 15.
b4 a6 16. h3 Bh7 17. g4 Nf4 18. Bxf4 Bxf4 19. e3 Bc7 20. Rfc1 e5 21. Nb3 Bd3
22. Bf1 Bxf1 23. Kxf1 f5 24. Ke2 e4 25. Nh4 f4 26. Rg1 g5 27. Nf5 Kh7 28. h4
gxh4 29. Rh1 fxe3 30. fxe3 Bg3 31. Raf1 Nf6 32. Nxh4 Nxg4 33. Rxf8 Rxf8 34. Na5
Rf2+ 35. Kd1 Nxe3+ 36. Kc1 Bf4 37. Kb1 Nc4 38. Nxc4 dxc4 39. Nf5 e3 40. Re1 Bg5
41. Nxe3 Rd2 42. Nxc4 Rxd4 43. b3 h5 44. Re5 Kg6 45. Nd6 Rxb4 46. Re6+ Kg7 47.
Kc2 h4 48. Nc4 Kf7 49. Re5 Bf6 50. Rh5 Rb5 51. Nd6+ Ke6 52. Nxb5 axb5 53. Kd3
Be7 54. Ke4 1/2-1/2

[Event "a plk. Karla Hromádky"]
[Site "?"]
[Date "????.??.??"]
[Round "6.9"]
[White "Kalendovsky, Jan"]
[Black "Rotrekl, Rostislav"]
[Result "1/2-1/2"]
[WhiteElo "1938"]
[BlackElo "1885"]
[PlyCount "36"]

1. e4 c5 2. Nc3 Nc6 3. g3 g6 4. Bg2 Bg7 5. d3 d6 6. Be3 e6 7. Qd2 Nge7 8. Nge2
O-O 9. Bh6 Nd4 10. Bxg7 Kxg7 11. h4 h5 12. f4 f5 13. O-O Rb8 14. a4 Bd7 15.
Nxd4 cxd4 16. Ne2 Qb6 17. b4 e5 18. Kh2 Rbc8 1/2-1/2

[Event "a plk. Karla Hromádky"]
[Site "?"]
[Date "????.??.??"]
[Round "6.11"]
[White "Kovacs, Ivan"]
[Black "Kabat, Josef"]
[Result "1/2-1/2"]
[WhiteElo "1687"]
[BlackElo "1854"]
[PlyCount "58"]

1. d4 Nf6 2. e3 e6 3. g3 d5 4. Bg2 c6 5. Nf3 Nbd7 6. O-O Bd6 7. b3 b6 8. Bb2
Bb7 9. Nbd2 O-O 10. c4 Re8 11. a4 Rc8 12. Rc1 e5 13. dxe5 Nxe5 14. Nxe5 Bxe5
15. Bxe5 Rxe5 16. cxd5 Nxd5 17. Nc4 Re7 18. Bh3 Rb8 19. Qg4 Bc8 20. Qh4 Bxh3
21. Qxh3 Qc8 22. Qxc8+ Rxc8 23. Rfd1 Nf6 24. h4 Kf8 25. Kg2 Rd7 26. Ne5 Rxd1
27. Rxd1 Ke7 28. f4 Nd5 29. Kf3 Rc7 1/2-1/2

[Event "a plk. Karla Hromádky"]
[Site "?"]
[Date "????.??.??"]
[Round "7.1"]
[White "Prymula, Roman"]
[Black "Stork, Rostislav"]
[Result "1-0"]
[WhiteElo "2167"]
[BlackElo "1824"]
[PlyCount "41"]

1. d4 d5 2. Nf3 Nf6 3. c3 g6 4. Bg5 Bg7 5. Nbd2 O-O 6. e3 b6 7. Ne5 h6 8. Bh4
Ne4 9. f4 c5 10. Nxe4 dxe4 11. dxc5 Bxe5 12. fxe5 g5 13. Bg3 bxc5 14. Qh5 Qb6
15. O-O-O Qg6 16. Qxg6+ fxg6 17. Bc4+ Kg7 18. Bd5 Bg4 19. Bxa8 Bxd1 20. Rxd1
Na6 21. Bxe4 1-0

[Event "a plk. Karla Hromádky"]
[Site "?"]
[Date "????.??.??"]
[Round "7.2"]
[White "Messerschmidt, Stanislav"]
[Black "Bures, Vit"]
[Result "0-1"]
[WhiteElo "1966"]
[BlackElo "2182"]
[PlyCount "63"]

1. c4 Nf6 2. Nc3 c5 3. g3 e6 4. Bg2 d5 5. cxd5 exd5 6. d4 cxd4 7. Qxd4 Nc6 8.
Qa4 d4 9. Ne4 Nxe4 10. Bxe4 Bb4+ 11. Bd2 Bxd2+ 12. Kxd2 O-O 13. Nf3 Bd7 14. Qb5
Re8 15. Bxh7+ Kxh7 16. Qh5+ Kg8 17. Ng5 Qf6 18. Qh7+ Kf8 19. Qh4 Qg6 20. Qf4
Kg8 21. h4 Qf5 22. Qxf5 Bxf5 23. Rac1 f6 24. Nh3 Bxh3 25. Rxh3 Re5 26. f3 Rae8
27. Rh2 Re3 28. g4 d3 29. exd3 Nd4 30. Rf2 Nxf3+ 31. Kc2 Ne1+ 32. Kd1 0-1

[Event "a plk. Karla Hromádky"]
[Site "?"]
[Date "????.??.??"]
[Round "7.3"]
[White "Kulovana, Eva"]
[Black "Buchnicek, Petr"]
[Result "0-1"]
[WhiteElo "2070"]
[BlackElo "2212"]
[PlyCount "96"]

1. e4 e6 2. d4 d5 3. Nd2 dxe4 4. Nxe4 Nd7 5. Nf3 Ngf6 6. Bg5 Be7 7. Nxf6+ Nxf6
8. Bd3 O-O 9. Qe2 c5 10. dxc5 Qa5+ 11. c3 Qxc5 12. Rd1 Rd8 13. Bxf6 Bxf6 14.
Bxh7+ Kxh7 15. Rxd8 Bxd8 16. Qd3+ Qf5 17. Qxd8 Qb1+ 18. Qd1 Qxb2 19. Qd3+ f5
20. O-O Qxa2 21. Ng5+ Kg6 22. f4 b6 23. Qg3 Kf6 24. Nf3 Bb7 25. Ne5 Qxg2+ 26.
Qxg2 Bxg2 27. Kxg2 g5 28. Nd3 Rc8 29. fxg5+ Kxg5 30. Rc1 Kf6 31. c4 e5 32. Nb4
e4 33. Kg3 Ke5 34. h4 a5 35. Nd5 f4+ 36. Kh3 Rc6 37. h5 b5 38. Rg1 Rxc4 39.
Rg5+ Kd4 40. Nxf4 b4 41. Rxa5 b3 42. Rb5 Kc3 43. Ne2+ Kc2 44. h6 b2 45. h7 Rc8
46. Rc5+ Rxc5 47. h8=Q b1=Q 48. Nd4+ Kd3 0-1

[Event "a plk. Karla Hromádky"]
[Site "?"]
[Date "????.??.??"]
[Round "7.4"]
[White "Cechal, Martin"]
[Black "Urban, Vlastimil"]
[Result "0-1"]
[WhiteElo "1977"]
[BlackElo "1954"]
[PlyCount "90"]

1. Nf3 d5 2. c4 e6 3. Nc3 Nf6 4. cxd5 exd5 5. d4 c6 6. g3 Bd6 7. Bg2 Bf5 8. O-O
O-O 9. Nh4 Bg4 10. h3 Bh5 11. Rb1 Nbd7 12. b4 a5 13. b5 Bb4 14. bxc6 bxc6 15.
Qc2 Bxc3 16. Qxc3 Bxe2 17. Re1 Bc4 18. Rb2 Nb6 19. Qa3 Bb5 20. Qc5 Na4 21. Qc2
Nxb2 22. Qxb2 a4 23. Nf5 Qd7 24. Qc2 Rfe8 25. Rd1 Re2 26. Qc5 Qxf5 27. Bf4 Qc2
28. Rc1 Qxc5 29. Rxc5 Rxa2 30. Be5 Ne4 31. Bxe4 dxe4 32. d5 Rc8 33. d6 f6 34.
Bf4 Rd8 35. h4 Kf7 36. Rc1 a3 37. Rd1 Bd3 38. Rc1 Rc2 39. Rd1 a2 40. f3 f5 41.
g4 g6 42. h5 c5 43. g5 c4 44. fxe4 fxe4 45. Bg3 Rb2 0-1

[Event "a plk. Karla Hromádky"]
[Site "?"]
[Date "????.??.??"]
[Round "7.5"]
[White "Kredl, Karel"]
[Black "Rozumek, Vlastimil"]
[Result "1-0"]
[WhiteElo "2033"]
[BlackElo "2053"]
[PlyCount "75"]

1. d4 Nf6 2. c4 e6 3. Nf3 Bb4+ 4. Bd2 Qe7 5. Qc2 Nc6 6. Nc3 d5 7. e3 O-O 8. Bd3
dxc4 9. Bxc4 Na5 10. Bd3 c5 11. O-O b6 12. a3 Bxc3 13. Bxc3 c4 14. Be2 Nb3 15.
Rad1 b5 16. Bb4 Qd8 17. Bxf8 Qxf8 18. Nd2 Na5 19. Bf3 Bb7 20. Bxb7 Nxb7 21. b3
cxb3 22. Qxb3 a6 23. Rc1 Qd6 24. Rc2 h5 25. Rfc1 Ng4 26. Nf3 Rd8 27. h3 Nf6 28.
Ne5 Na5 29. Qb4 Qb6 30. Qe7 Nc4 31. Qxf7+ Kh7 32. Qg6+ Kg8 33. Nxc4 bxc4 34.
Rxc4 Qd6 35. Rc7 Rd7 36. R1c6 Qf8 37. Rxd7 Nxd7 38. Qxe6+ 1-0

[Event "a plk. Karla Hromádky"]
[Site "?"]
[Date "????.??.??"]
[Round "7.6"]
[White "Mayer, Josef"]
[Black "Hodovsky, Jiri"]
[Result "1-0"]
[WhiteElo "1984"]
[BlackElo "2097"]
[PlyCount "147"]

1. c4 Nf6 2. Nc3 e6 3. e4 d5 4. cxd5 exd5 5. e5 d4 6. exf6 dxc3 7. Bb5+ c6 8.
Qe2+ Be6 9. Bc4 Qxf6 10. dxc3 Be7 11. Bxe6 Qxe6 12. Qxe6 fxe6 13. Nf3 Bf6 14.
O-O O-O 15. Re1 Re8 16. Bf4 Nd7 17. Rad1 Nf8 18. Bd6 Ng6 19. Bg3 e5 20. Rd7 b6
21. Red1 c5 22. Ne1 Rad8 23. Nc2 Rxd7 24. Rxd7 Rd8 25. Rxd8+ Bxd8 26. Ne3 Nf4
27. Bxf4 exf4 28. Nd5 g5 29. f3 c4 30. Nb4 Kf7 31. Nc6 Be7 32. Nxa7 Ke6 33. Kf1
Bc5 34. Nb5 Be3 35. Ke2 Kd5 36. Kd1 Kc5 37. a4 h5 38. h3 Kc6 39. Na3 Kc5 40.
Kc2 Bf2 41. Nb1 Be3 42. Nd2 Kd5 43. Ne4 g4 44. hxg4 hxg4 45. Nf6+ Kc5 46. Nxg4
Kd5 47. Nf6+ Ke6 48. Ne4 Ke5 49. b4 cxb3+ 50. Kxb3 Kd5 51. Nf6+ Ke6 52. Ng4 Bc5
53. Kc4 Bg1 54. Kb5 Kd5 55. c4+ Kd4 56. Nf6 Kd3 57. Ne4 Ke2 58. c5 bxc5 59.
Nxc5 Bd4 60. a5 Be5 61. a6 Bb8 62. Nd7 Ba7 63. Kc6 Kf1 64. Kd5 Kxg2 65. Ke4 Kg3
66. Nf6 Be3 67. Nd5 Ba7 68. Nxf4 Kh4 69. Nd5 Kg5 70. f4+ Kg6 71. Nc7 Kf7 72.
Nb5 Bb6 73. a7 Bxa7 74. Nxa7 1-0